[Event "Stay Safe Play From Home 319"]
[Site "Emanuel Lasker Arena"]
[Date "2020.07.21"]
[Round "8"]
[White "Sfantul321"]
[Black "NTBT_DHS"]
[Result "0-1"]
[WhiteElo "1978"]
[BlackElo "2533"]
[Annotator "NA"]
[PlyCount "98"]
[EventDate "2020.07.21"]
[EventType "swiss (blitz)"]

1. c4 {[%emt 0:00:00]} Nf6 {[%emt 0:00:01]} 2. Nc3 {[%emt 0:00:00]} g6 {[%emt 0:00:00]} 3. g3 {[%emt 0:00:00]} Bg7 {[%emt 0:00:00]} 4. Bg2 {[%emt 0:00:00]} O-O {[%emt 0:00:00]} 5. e3 {[%emt 0:00:00]} d6 {[%emt 0:00:00]} 6. Nge2 {[%emt 0:00:00]} Nc6 {[%emt 0:00:00]} 7. O-O {[%emt 0:00:00]} e5 {[%emt 0:00:00]} 8. h3 {[%emt 0:00:01]} Be6 {[%emt 0:00:01]} 9. Nd5 {[%emt 0:00:01]} Qd7 {[%emt 0:00:02]} 10. Kh2 {[%emt 0:00:01]} Rab8 {[%emt 0:00:04]} 11. d3 {[%emt 0:00:01]} Ne7 {[%emt 0:00:01]} 12. e4 {[%emt 0:00:01]} c6 {[%emt 0:00:01]} 13. Nxf6+ {[%emt 0:00:01]} Bxf6 {[%emt 0:00:00]} 14. Be3 {[%emt 0:00:01]} d5 {[%emt 0:00:02]} 15. Bxa7 {[%emt 0:00:01]} Ra8 {[%emt 0:00:01]} 16. cxd5 {[%emt 0:00:01]} cxd5 {[%emt 0:00:02]} 17. Be3 {[%emt 0:00:01]} d4 {[%emt 0:00:00]} 18. Bh6 {[%emt 0:00:01]} Rfc8 {[%emt 0:00:01]} 19. a3 {[%emt 0:00:01]} Qb5 {[%emt 0:00:01]} 20. b4 {[%emt 0:00:01]} Rc6 {[%emt 0:00:02]} 21. Rc1 {[%emt 0:00:03]} Rxa3 {[%emt 0:00:01]} 22. Rxc6 {[%emt 0:00:01]} Nxc6 {[%emt 0:00:00]} 23. f4 {[%emt 0:00:01]} Qxd3 {[%emt 0:00:02]} 24. Qc1 {[%emt 0:00:01]} Ra2 {[%emt 0:00:02]} 25. fxe5 {[%emt 0:00:08]} Bxe5 {[%emt 0:00:00]} 26. Nf4 {[%emt 0:00:02]} Qc2 {[%emt 0:00:04]} 27. Qxc2 {[%emt 0:00:03]} Rxc2 {[%emt 0:00:00]} 28. Nxe6 {[%emt 0:00:01]} d3 {[%emt 0:00:02]} 29. Nc5 {[%emt 0:00:05]} Nxb4 {[%emt 0:00:03]} 30. Rd1 {[%emt 0:00:02]} Rxc5 {[%emt 0:00:01]} 31. Bd2 {[%emt 0:00:02]} Nc6 {[%emt 0:00:02]} 32. Be3 {[%emt 0:00:01]} Rc3 {[%emt 0:00:00]} 33. Bd2 {[%emt 0:00:01]} Rb3 {[%emt 0:00:01]} 34. Bh6 {[%emt 0:00:02]} Nd4 {[%emt 0:00:02]} 35. Rc1 {[%emt 0:00:01]} Nc2 {[%emt 0:00:00]} 36. Bf1 {[%emt 0:00:02]} Bxg3+ {[%emt 0:00:01]} 37. Kg2 {[%emt 0:00:02]} Be5 {[%emt 0:00:05]} 38. Bxd3 {[%emt 0:00:02]} Rxd3 {[%emt 0:00:00]} 39. Rxc2 {[%emt 0:00:01]} Rd8 {[%emt 0:00:00]} 40. Rb2 {[%emt 0:00:01]} Rd7 {[%emt 0:00:01]} 41. Rb5 {[%emt 0:00:01]} f6 {[%emt 0:00:01]} 42. Kf3 {[%emt 0:00:01]} g5 {[%emt 0:00:00]} 43. h4 {[%emt 0:00:01]} gxh4 {[%emt 0:00:01]} 44. Kg4 {[%emt 0:00:01]} Kf7 {[%emt 0:00:00]} 45. Kxh4 {[%emt 0:00:01]} Kg6 {[%emt 0:00:00]} 46. Be3 {[%emt 0:00:01]} Rd3 {[%emt 0:00:01]} 47. Kg4 {[%emt 0:00:00]} Rxe3 {[%emt 0:00:01]} 48. Rxb7 {[%emt 0:00:00]} h5+ {[%emt 0:00:00]} 49. Kh4 {[%emt 0:00:01]} Bf4 {[%emt 0:00:01] Time (Lag: Av=0.54s, max=1.2s)} 0-1

[Event "Stay Safe Play From Home 319"]
[Site "Emanuel Lasker Arena"]
[Date "2020.07.21"]
[Round "8"]
[White "Buzaglo"]
[Black "Meini"]
[Result "1-0"]
[WhiteElo "1857"]
[BlackElo "1599"]
[Annotator "NA"]
[PlyCount "83"]
[EventDate "2020.07.21"]
[EventType "swiss (blitz)"]

1. d4 {[%emt 0:00:01]} d5 {[%emt 0:00:01]} 2. Nf3 {[%emt 0:00:00]} c6 {[%emt 0:00:00]} 3. g3 {[%emt 0:00:00]} Bf5 {[%emt 0:00:01]} 4. Bg2 {[%emt 0:00:00]} e6 {[%emt 0:00:01]} 5. O-O {[%emt 0:00:00]} Nf6 {[%emt 0:00:01]} 6. Nh4 {[%emt 0:00:00]} Bg6 {[%emt 0:00:02]} 7. Nxg6 {[%emt 0:00:00]} hxg6 {[%emt 0:00:00]} 8. b3 {[%emt 0:00:01]} Bd6 {[%emt 0:00:00]} 9. c4 {[%emt 0:00:01]} Qc7 {[%emt 0:00:00]} 10. c5 {[%emt 0:00:01]} Be7 {[%emt 0:00:01]} 11. Nc3 {[%emt 0:00:05]} e5 {[%emt 0:00:01]} 12. dxe5 {[%emt 0:00:01]} Qxe5 {[%emt 0:00:01]} 13. Bb2 {[%emt 0:00:01]} Nbd7 {[%emt 0:00:02]} 14. Na4 {[%emt 0:00:03]} Qc7 {[%emt 0:00:01]} 15. Rc1 {[%emt 0:00:01]} O-O {[%emt 0:00:02]} 16. Re1 {[%emt 0:00:02]} Rfe8 {[%emt 0:00:00]} 17. e4 {[%emt 0:00:01]} dxe4 {[%emt 0:00:03]} 18. Bxe4 {[%emt 0:00:00]} Nxe4 {[%emt 0:00:01]} 19. Rxe4 {[%emt 0:00:00]} Bf6 {[%emt 0:00:01]} 20. Bxf6 {[%emt 0:00:02]} Rxe4 {[%emt 0:00:05]} 21. Bb2 {[%emt 0:00:01]} Rae8 {[%emt 0:00:02]} 22. Qd3 {[%emt 0:00:02]} Re1+ {[%emt 0:00:02]} 23. Rxe1 {[%emt 0:00:01]} Rxe1+ {[%emt 0:00:00]} 24. Kg2 {[%emt 0:00:00]} Qd8 {[%emt 0:00:04]} 25. Qc3 {[%emt 0:00:01]} Re5 {[%emt 0:00:05]} 26. f4 {[%emt 0:00:01]} Re2+ {[%emt 0:00:02]} 27. Kf3 {[%emt 0:00:01]} Nf6 {[%emt 0:00:01]} 28. Kxe2 {[%emt 0:00:01]} Qd5 {[%emt 0:00:01]} 29. Qd2 {[%emt 0:00:05]} Qg2+ {[%emt 0:00:01]} 30. Kd1 {[%emt 0:00:01]} Qh1+ {[%emt 0:00:02]} 31. Kc2 {[%emt 0:00:01]} Ne4 {[%emt 0:00:04]} 32. Qd8+ {[%emt 0:00:01]} Kh7 {[%emt 0:00:01]} 33. Qh4+ {[%emt 0:00:00]} Kg8 {[%emt 0:00:02]} 34. Qd8+ {[%emt 0:00:01]} Kh7 {[%emt 0:00:00]} 35. Qd3 {[%emt 0:00:00]} Qg2+ {[%emt 0:00:02]} 36. Kb1 {[%emt 0:00:02]} Nd2+ {[%emt 0:00:04]} 37. Kc1 {[%emt 0:00:07]} Ne4 {[%emt 0:00:01]} 38. Bc3 {[%emt 0:00:01]} Qg1+ {[%emt 0:00:03]} 39. Kb2 {[%emt 0:00:01]} Nxc3 {[%emt 0:00:01]} 40. Nxc3 {[%emt 0:00:01]} Qg2+ {[%emt 0:00:00]} 41. Qc2 {[%emt 0:00:01]} Qxh2 {[%emt 0:00:00]} 42. Qxh2+ {[%emt 0:00:01] Zeit (Lag: Av=0.52s, max=1.0s)} 1-0

[Event "Stay Safe Play From Home 319"]
[Site "Emanuel Lasker Arena"]
[Date "2020.07.21"]
[Round "8"]
[White "Oznog"]
[Black "AChessPlayer"]
[Result "0-1"]
[WhiteElo "1784"]
[BlackElo "2373"]
[PlyCount "96"]
[EventDate "2020.07.21"]
[EventType "swiss (blitz)"]

1. d4 {[%emt 0:00:00]} c6 {[%emt 0:00:01]} 2. c4 {[%emt 0:00:01]} d5 {[%emt 0:00:00]} 3. Nc3 {[%emt 0:00:00]} e6 {[%emt 0:00:01]} 4. Nf3 {[%emt 0:00:01]} Nf6 {[%emt 0:00:01]} 5. e3 {[%emt 0:00:01]} Nbd7 {[%emt 0:00:01]} 6. cxd5 {[%emt 0:00:00]} exd5 {[%emt 0:00:01]} 7. Bd3 {[%emt 0:00:01]} Bd6 {[%emt 0:00:00]} 8. Qc2 {[%emt 0:00:00]} O-O {[%emt 0:00:00]} 9. Bd2 {[%emt 0:00:01]} Re8 {[%emt 0:00:00]} 10. g4 {[%emt 0:00:01]} Qe7 {[%emt 0:00:03]} 11. g5 {[%emt 0:00:02]} Ne4 {[%emt 0:00:01]} 12. h4 {[%emt 0:00:02]} b6 {[%emt 0:00:03]} 13. h5 {[%emt 0:00:03]} Bb7 {[%emt 0:00:01]} 14. g6 {[%emt 0:00:01]} Rac8 {[%emt 0:00:03]} 15. gxh7+ {[%emt 0:00:02]} Kh8 {[%emt 0:00:01]} 16. h6 {[%emt 0:00:01]} g6 {[%emt 0:00:01]} 17. Rf1 {[%emt 0:00:04]} Ndf6 {[%emt 0:00:01]} 18. O-O-O {[%emt 0:00:01]} c5 {[%emt 0:00:01]} 19. Ng5 {[%emt 0:00:02]} Nxg5 {[%emt 0:00:01]} 20. f4 {[%emt 0:00:01]} Nge4 {[%emt 0:00:01]} 21. f5 {[%emt 0:00:01]} cxd4 {[%emt 0:00:01]} 22. exd4 {[%emt 0:00:01]} Nxd2 {[%emt 0:00:00]} 23. Qxd2 {[%emt 0:00:01]} Ne4 {[%emt 0:00:01]} 24. Bxe4 {[%emt 0:00:02]} dxe4 {[%emt 0:00:00]} 25. fxg6 {[%emt 0:00:01]} fxg6 {[%emt 0:00:00]} 26. d5 {[%emt 0:00:00]} e3 {[%emt 0:00:01]} 27. Qd4+ {[%emt 0:00:01]} Be5 {[%emt 0:00:00]} 28. Qxe3 {[%emt 0:00:04]} Bxc3 {[%emt 0:00:01]} 29. Qxe7 {[%emt 0:00:01]} Bf6+ {[%emt 0:00:00]} 30. Kb1 {[%emt 0:00:01]} Bxe7 {[%emt 0:00:01]} 31. d6 {[%emt 0:00:00]} Be4+ {[%emt 0:00:03]} 32. Ka1 {[%emt 0:00:02]} Bxd6 {[%emt 0:00:03]} 33. Rxd6 {[%emt 0:00:00]} Red8 {[%emt 0:00:00]} 34. Re6 {[%emt 0:00:03]} Bf5 {[%emt 0:00:01]} 35. Re7 {[%emt 0:00:01]} a5 {[%emt 0:00:02]} 36. a3 {[%emt 0:00:01]} Re8 {[%emt 0:00:00]} 37. Rb7 {[%emt 0:00:02]} Rb8 {[%emt 0:00:00]} 38. Ra7 {[%emt 0:00:01]} Ra8 {[%emt 0:00:04]} 39. Rb7 {[%emt 0:00:02]} Reb8 {[%emt 0:00:01]} 40. Rc7 {[%emt 0:00:00]} b5 {[%emt 0:00:01]} 41. Rd7 {[%emt 0:00:01]} b4 {[%emt 0:00:00]} 42. Re7 {[%emt 0:00:00]} bxa3 {[%emt 0:00:01]} 43. bxa3 {[%emt 0:00:00]} Rb3 {[%emt 0:00:01]} 44. Rfe1 {[%emt 0:00:01]} Rxa3+ {[%emt 0:00:01]} 45. Kb2 {[%emt 0:00:00]} Rd3 {[%emt 0:00:01]} 46. Kc2 {[%emt 0:00:01]} Re3+ {[%emt 0:00:02]} 47. Kd2 {[%emt 0:00:02]} Rxe1 {[%emt 0:00:01]} 48. Kxe1 {[%emt 0:00:00]} a4 {[%emt 0:00:00] Time (Lag: Av=0.59s, max=1.0s)} 0-1

[Event "Stay Safe Play From Home 319"]
[Site "Emanuel Lasker Arena"]
[Date "2020.07.21"]
[Round "8"]
[White "Haris kollari 13"]
[Black "Cirovicz"]
[Result "0-1"]
[WhiteElo "1732"]
[BlackElo "1952"]
[Annotator "NA"]
[PlyCount "70"]
[EventDate "2020.07.21"]
[EventType "swiss (blitz)"]

1. e4 {[%emt 0:00:01]} e6 {[%emt 0:00:01]} 2. f4 {[%emt 0:00:01]} c6 {[%emt 0:00:00]} 3. d4 {[%emt 0:00:01]} d5 {[%emt 0:00:00]} 4. e5 {[%emt 0:00:01]} c5 {[%emt 0:00:01]} 5. Nf3 {[%emt 0:00:01]} cxd4 {[%emt 0:00:01]} 6. Qxd4 {[%emt 0:00:02]} Nc6 {[%emt 0:00:00]} 7. Qd1 {[%emt 0:00:02]} Bb4+ {[%emt 0:00:01]} 8. c3 {[%emt 0:00:01]} Ba5 {[%emt 0:00:01]} 9. Be3 {[%emt 0:00:01]} Bb6 {[%emt 0:00:01]} 10. Bxb6 {[%emt 0:00:02]} Qxb6 {[%emt 0:00:01]} 11. Qd2 {[%emt 0:00:07]} Nge7 {[%emt 0:00:02]} 12. Na3 {[%emt 0:00:01]} Nf5 {[%emt 0:00:01]} 13. Bd3 {[%emt 0:00:02]} d4 {[%emt 0:00:01]} 14. Bxf5 {[%emt 0:00:02]} dxc3 {[%emt 0:00:02]} 15. Qxc3 {[%emt 0:00:02]} exf5 {[%emt 0:00:01]} 16. O-O-O {[%emt 0:00:02]} Be6 {[%emt 0:00:01]} 17. Kb1 {[%emt 0:00:01]} O-O {[%emt 0:00:02]} 18. h3 {[%emt 0:00:01]} Rac8 {[%emt 0:00:01]} 19. Qd2 {[%emt 0:00:07]} Nb4 {[%emt 0:00:01]} 20. Nd4 {[%emt 0:00:05]} Bxa2+ {[%emt 0:00:04]} 21. Ka1 {[%emt 0:00:01]} Bb3 {[%emt 0:00:01]} 22. Rc1 {[%emt 0:00:02]} Nc2+ {[%emt 0:00:02]} 23. Rxc2 {[%emt 0:00:02]} Bxc2 {[%emt 0:00:01]} 24. Ndxc2 {[%emt 0:00:01]} Qd8 {[%emt 0:00:02]} 25. Qxd8 {[%emt 0:00:02]} Rfxd8 {[%emt 0:00:01]} 26. Re1 {[%emt 0:00:01]} g6 {[%emt 0:00:01]} 27. Kb1 {[%emt 0:00:01]} Rd2 {[%emt 0:00:01]} 28. g4 {[%emt 0:00:01]} fxg4 {[%emt 0:00:01]} 29. hxg4 {[%emt 0:00:01]} b5 {[%emt 0:00:01]} 30. f5 {[%emt 0:00:01]} gxf5 {[%emt 0:00:01]} 31. gxf5 {[%emt 0:00:01]} a5 {[%emt 0:00:01]} 32. f6 {[%emt 0:00:01]} Kf8 {[%emt 0:00:01]} 33. Ne3 {[%emt 0:00:01]} b4 {[%emt 0:00:01]} 34. Nac2 {[%emt 0:00:02]} b3 {[%emt 0:00:01]} 35. Na3 {[%emt 0:00:01]} Rcd8 {[%emt 0:00:01] Time (Lag: Av=0.70s, max=0.8s)} 0-1

[Event "Stay Safe Play From Home 319"]
[Site "Emanuel Lasker Arena"]
[Date "2020.07.21"]
[Round "8"]
[White "Trotsky"]
[Black "UHU4"]
[Result "1-0"]
[WhiteElo "1615"]
[BlackElo "1410"]
[Annotator "NA"]
[PlyCount "41"]
[EventDate "2020.07.21"]
[EventType "swiss (blitz)"]

{- Manoc a, Calota} 1. d4 {[%emt 0:00:01]} d5 {[%emt 0:00:01]} 2. e3 {[%emt 0:00:00]} Nc6 {[%emt 0:00:02]} 3. c4 {[%emt 0:00:01]} e6 {[%emt 0:00:01]} 4. Nc3 {[%emt 0:00:01]} a6 {[%emt 0:00:02]} 5. Nf3 {[%emt 0:00:01]} Nf6 {[%emt 0:00:02]} 6. c5 {[%emt 0:00:01]} Be7 {[%emt 0:00:04]} 7. a3 {[%emt 0:00:00]} h6 {[%emt 0:00:01]} 8. Bd3 {[%emt 0:00:01]} g5 {[%emt 0:00:03]} 9. Qc2 {[%emt 0:00:01]} g4 {[%emt 0:00:02]} 10. Nh4 {[%emt 0:00:04]} Ne4 {[%emt 0:00:06]} 11. Nxe4 {[%emt 0:00:01]} dxe4 {[%emt 0:00:02]} 12. Bxe4 {[%emt 0:00:01]} Bxh4 {[%emt 0:00:01]} 13. g3 {[%emt 0:00:01]} Bf6 {[%emt 0:00:03]} 14. Bd2 {[%emt 0:00:01]} e5 {[%emt 0:00:05]} 15. O-O-O {[%emt 0:00:01]} exd4 {[%emt 0:00:01]} 16. Bxc6+ {[%emt 0:00:05]} bxc6 {[%emt 0:00:02]} 17. Bc3 {[%emt 0:00:01]} Bd7 {[%emt 0:00:09]} 18. exd4 {[%emt 0:00:01]} Bxd4 {[%emt 0:00:01]} 19. Rhe1+ {[%emt 0:00:02]} Kf8 {[%emt 0:00:06]} 20. Bxd4 {[%emt 0:00:02]} Rg8 {[%emt 0:00:01]} 21. Qd2 {[%emt 0:00:03] Tiempo (Lag: Av=0.45s, max=0.7s) '} 1-0

[Event "Stay Safe Play From Home 319"]
[Site "Emanuel Lasker Arena"]
[Date "2020.07.21"]
[Round "8"]
[White "Mamba2001de"]
[Black "Mandy"]
[Result "1-0"]
[WhiteElo "1502"]
[BlackElo "883"]
[Annotator "NA"]
[PlyCount "47"]
[EventDate "2020.07.21"]
[EventType "swiss (blitz)"]

1. e4 {[%emt 0:00:01]} c6 {[%emt 0:00:03]} 2. Nf3 {[%emt 0:00:01]} d5 {[%emt 0:00:01]} 3. exd5 {[%emt 0:00:01]} cxd5 {[%emt 0:00:02]} 4. d4 {[%emt 0:00:01]} Bf5 {[%emt 0:00:01]} 5. Be3 {[%emt 0:00:01]} Nf6 {[%emt 0:00:01]} 6. Bd3 {[%emt 0:00:01]} Bxd3 {[%emt 0:00:07]} 7. Qxd3 {[%emt 0:00:01]} e6 {[%emt 0:00:01]} 8. Nc3 {[%emt 0:00:01]} Be7 {[%emt 0:00:02]} 9. O-O {[%emt 0:00:01]} O-O {[%emt 0:00:01]} 10. h3 {[%emt 0:00:01]} Nbd7 {[%emt 0:00:01]} 11. Bf4 {[%emt 0:00:01]} Qe8 {[%emt 0:00:01]} 12. Be5 {[%emt 0:00:01]} Nxe5 {[%emt 0:00:12]} 13. dxe5 {[%emt 0:00:01]} Nd7 {[%emt 0:00:03]} 14. Rfe1 {[%emt 0:00:01]} Bb4 {[%emt 0:00:04]} 15. Rad1 {[%emt 0:00:01]} f6 {[%emt 0:00:06]} 16. exf6 {[%emt 0:00:02]} Nxf6 {[%emt 0:00:03]} 17. Ne5 {[%emt 0:00:04]} Bxc3 {[%emt 0:00:01]} 18. bxc3 {[%emt 0:00:02]} Ne4 {[%emt 0:00:02]} 19. Rxe4 {[%emt 0:00:01]} dxe4 {[%emt 0:00:01]} 20. Qxe4 {[%emt 0:00:01]} Qf7 {[%emt 0:00:02]} 21. Nf3 {[%emt 0:00:02]} Rae8 {[%emt 0:00:01]} 22. Rf1 {[%emt 0:00:01]} Qe7 {[%emt 0:00:03]} 23. Nd4 {[%emt 0:00:01]} b6 {[%emt 0:00:02]} 24. Nc6 {[%emt 0:00:02] Zeit (Lag: Av=0.45s, max=0.5s)} 1-0

[Event "Stay Safe Play From Home 319"]
[Site "Emanuel Lasker Arena"]
[Date "2020.07.21"]
[Round "9"]
[White "AChessPlayer"]
[Black "Lamborghini"]
[Result "0-1"]
[WhiteElo "2374"]
[BlackElo "2250"]
[PlyCount "100"]
[EventDate "2020.07.21"]
[EventType "swiss (blitz)"]

1. e4 {[%emt 0:00:01]} c5 {[%emt 0:00:01]} 2. Nf3 {[%emt 0:00:01]} d6 {[%emt 0:00:01]} 3. d4 {[%emt 0:00:01]} cxd4 {[%emt 0:00:01]} 4. Nxd4 {[%emt 0:00:00]} Nf6 {[%emt 0:00:01]} 5. Nc3 {[%emt 0:00:00]} g6 {[%emt 0:00:00]} 6. g3 {[%emt 0:00:03]} Bg7 {[%emt 0:00:00]} 7. Bg2 {[%emt 0:00:00]} O-O {[%emt 0:00:00]} 8. O-O {[%emt 0:00:00]} Nbd7 {[%emt 0:00:00]} 9. Nde2 {[%emt 0:00:00]} a6 {[%emt 0:00:00]} 10. h3 {[%emt 0:00:00]} Rb8 {[%emt 0:00:02]} 11. a4 {[%emt 0:00:01]} b6 {[%emt 0:00:01]} 12. Nf4 {[%emt 0:00:01]} Bb7 {[%emt 0:00:01]} 13. Nfd5 {[%emt 0:00:00]} Re8 {[%emt 0:00:02]} 14. Bg5 {[%emt 0:00:02]} h6 {[%emt 0:00:02]} 15. Be3 {[%emt 0:00:01]} Ne5 {[%emt 0:00:01]} 16. Bxb6 {[%emt 0:00:01]} Qc8 {[%emt 0:00:03]} 17. Bd4 {[%emt 0:00:00]} Nc4 {[%emt 0:00:02]} 18. b3 {[%emt 0:00:01]} e5 {[%emt 0:00:01]} 19. Ba7 {[%emt 0:00:02]} Ra8 {[%emt 0:00:01]} 20. bxc4 {[%emt 0:00:05]} Rxa7 {[%emt 0:00:01]} 21. Qd3 {[%emt 0:00:00]} Bc6 {[%emt 0:00:02]} 22. Rfb1 {[%emt 0:00:02]} Nd7 {[%emt 0:00:01]} 23. a5 {[%emt 0:00:02]} Nc5 {[%emt 0:00:01]} 24. Qe2 {[%emt 0:00:02]} Kh7 {[%emt 0:00:01]} 25. Nb6 {[%emt 0:00:01]} Qd8 {[%emt 0:00:01]} 26. Ncd5 {[%emt 0:00:00]} f5 {[%emt 0:00:01]} 27. exf5 {[%emt 0:00:01]} gxf5 {[%emt 0:00:01]} 28. Rd1 {[%emt 0:00:01]} e4 {[%emt 0:00:01]} 29. Rab1 {[%emt 0:00:02]} Rf7 {[%emt 0:00:03]} 30. Nf4 {[%emt 0:00:02]} Be5 {[%emt 0:00:02]} 31. Qe3 {[%emt 0:00:01]} Qg5 {[%emt 0:00:02]} 32. h4 {[%emt 0:00:01]} Bxf4 {[%emt 0:00:02]} 33. Qxf4 {[%emt 0:00:01]} Qxf4 {[%emt 0:00:01]} 34. gxf4 {[%emt 0:00:00]} Rg8 {[%emt 0:00:01]} 35. Kf1 {[%emt 0:00:01]} Rf6 {[%emt 0:00:03]} 36. Bh3 {[%emt 0:00:01]} e3 {[%emt 0:00:02]} 37. fxe3 {[%emt 0:00:01]} Rg3 {[%emt 0:00:01]} 38. Nd5 {[%emt 0:00:04]} Bxd5 {[%emt 0:00:01]} 39. Rxd5 {[%emt 0:00:01]} Rxh3 {[%emt 0:00:01]} 40. Rb6 {[%emt 0:00:01]} Rh2 {[%emt 0:00:01]} 41. Rbxd6 {[%emt 0:00:01]} Rxd6 {[%emt 0:00:01]} 42. Rxd6 {[%emt 0:00:00]} Ne4 {[%emt 0:00:00]} 43. Rd7+ {[%emt 0:00:01]} Kg6 {[%emt 0:00:01]} 44. Ra7 {[%emt 0:00:00]} Kh5 {[%emt 0:00:01]} 45. Rxa6 {[%emt 0:00:01]} Kg4 {[%emt 0:00:00]} 46. Rxh6 {[%emt 0:00:01]} Kf3 {[%emt 0:00:00]} 47. Kg1 {[%emt 0:00:01]} Rg2+ {[%emt 0:00:01]} 48. Kf1 {[%emt 0:00:03]} Rxc2 {[%emt 0:00:01]} 49. Kg1 {[%emt 0:00:01]} Ng3 {[%emt 0:00:01]} 50. Rd6 {[%emt 0:00:04]} Rg2# {[%emt 0:00:00] (Lag: Av=0.40s, max=0.8s)} 0-1

[Event "Stay Safe Play From Home 319"]
[Site "Emanuel Lasker Arena"]
[Date "2020.07.21"]
[Round "9"]
[White "TheCHESSHOUSE"]
[Black "Bardellosport"]
[Result "0-1"]
[WhiteElo "2198"]
[BlackElo "2009"]
[Annotator "NA"]
[PlyCount "138"]
[EventDate "2020.07.21"]
[EventType "swiss (blitz)"]

1. d4 {[%emt 0:00:01]} d5 {[%emt 0:00:01]} 2. c4 {[%emt 0:00:01]} c6 {[%emt 0:00:00]} 3. cxd5 {[%emt 0:00:00]} cxd5 {[%emt 0:00:01]} 4. Nc3 {[%emt 0:00:00]} e6 {[%emt 0:00:00]} 5. Bf4 {[%emt 0:00:00]} f5 {[%emt 0:00:00]} 6. Nf3 {[%emt 0:00:00]} Nf6 {[%emt 0:00:00]} 7. Rc1 {[%emt 0:00:00]} Bd6 {[%emt 0:00:00]} 8. Bg5 {[%emt 0:00:02]} Be7 {[%emt 0:00:01]} 9. Bf4 {[%emt 0:00:01]} Ne4 {[%emt 0:00:00]} 10. Nxe4 {[%emt 0:00:01]} dxe4 {[%emt 0:00:02]} 11. Ne5 {[%emt 0:00:00]} O-O {[%emt 0:00:00]} 12. h4 {[%emt 0:00:01]} Nd7 {[%emt 0:00:01]} 13. e3 {[%emt 0:00:01]} Nxe5 {[%emt 0:00:01]} 14. Bxe5 {[%emt 0:00:00]} Bd6 {[%emt 0:00:01]} 15. Bc4 {[%emt 0:00:01]} Qe7 {[%emt 0:00:01]} 16. O-O {[%emt 0:00:01]} Bxe5 {[%emt 0:00:01]} 17. dxe5 {[%emt 0:00:01]} Bd7 {[%emt 0:00:01]} 18. g3 {[%emt 0:00:01]} Qb4 {[%emt 0:00:02]} 19. Qb3 {[%emt 0:00:02]} Qe7 {[%emt 0:00:01]} 20. Rfd1 {[%emt 0:00:02]} Bc6 {[%emt 0:00:01]} 21. Bxe6+ {[%emt 0:00:01]} Kh8 {[%emt 0:00:01]} 22. Bc4 {[%emt 0:00:02]} h6 {[%emt 0:00:01]} 23. Rd2 {[%emt 0:00:03]} Qxe5 {[%emt 0:00:01]} 24. Qc3 {[%emt 0:00:02]} Qe7 {[%emt 0:00:01]} 25. Rcd1 {[%emt 0:00:01]} Qc5 {[%emt 0:00:04]} 26. Bb3 {[%emt 0:00:01]} Qxc3 {[%emt 0:00:01]} 27. bxc3 {[%emt 0:00:00]} g5 {[%emt 0:00:00]} 28. hxg5 {[%emt 0:00:01]} hxg5 {[%emt 0:00:00]} 29. Rd6 {[%emt 0:00:01]} Kg7 {[%emt 0:00:01]} 30. Kg2 {[%emt 0:00:00]} f4 {[%emt 0:00:00]} 31. exf4 {[%emt 0:00:01]} gxf4 {[%emt 0:00:00]} 32. gxf4 {[%emt 0:00:01]} Rxf4 {[%emt 0:00:00]} 33. Rh1 {[%emt 0:00:01]} e3+ {[%emt 0:00:01]} 34. Rxc6 {[%emt 0:00:02]} bxc6 {[%emt 0:00:02]} 35. fxe3 {[%emt 0:00:00]} Re4 {[%emt 0:00:01]} 36. Rh3 {[%emt 0:00:01]} Rae8 {[%emt 0:00:01]} 37. Kf2 {[%emt 0:00:01]} R4e5 {[%emt 0:00:02]} 38. Ke2 {[%emt 0:00:01]} Rg5 {[%emt 0:00:01]} 39. Kd3 {[%emt 0:00:01]} Rd8+ {[%emt 0:00:01]} 40. Kc4 {[%emt 0:00:02]} a5 {[%emt 0:00:02]} 41. Rf3 {[%emt 0:00:01]} Kg6 {[%emt 0:00:01]} 42. e4 {[%emt 0:00:02]} Kh5 {[%emt 0:00:01]} 43. Bc2 {[%emt 0:00:01]} Rg4 {[%emt 0:00:02]} 44. Rf5+ {[%emt 0:00:01]} Rg5 {[%emt 0:00:01]} 45. Rf7 {[%emt 0:00:04]} Kg4 {[%emt 0:00:01]} 46. e5 {[%emt 0:00:02]} Rxe5 {[%emt 0:00:01]} 47. Rc7 {[%emt 0:00:01]} Re6 {[%emt 0:00:01]} 48. Rf7 {[%emt 0:00:02]} Kg5 {[%emt 0:00:02]} 49. Rf5+ {[%emt 0:00:01]} Kh4 {[%emt 0:00:02]} 50. Rxa5 {[%emt 0:00:00]} Re4+ {[%emt 0:00:01]} 51. Bxe4 {[%emt 0:00:01]} Kg3 {[%emt 0:00:01]} 52. Bxc6 {[%emt 0:00:00]} Kf4 {[%emt 0:00:00]} 53. Rc5 {[%emt 0:00:00]} Ra8 {[%emt 0:00:01]} 54. Kb5 {[%emt 0:00:00]} Rxa2 {[%emt 0:00:00]} 55. Kc4 {[%emt 0:00:00]} Rb2 {[%emt 0:00:00]} 56. Kd5 {[%emt 0:00:01]} Ra2 {[%emt 0:00:00]} 57. c4 {[%emt 0:00:00]} Rd2+ {[%emt 0:00:00]} 58. Ke6 {[%emt 0:00:00]} Rc2 {[%emt 0:00:00]} 59. Kd7 {[%emt 0:00:00]} Ke3 {[%emt 0:00:00]} 60. Rd5 {[%emt 0:00:01]} Ra2 {[%emt 0:00:01]} 61. Kc7 {[%emt 0:00:00]} Ra7+ {[%emt 0:00:00]} 62. Kd6 {[%emt 0:00:00]} Ra3 {[%emt 0:00:00]} 63. Re5+ {[%emt 0:00:00]} Kd4 {[%emt 0:00:01]} 64. c5 {[%emt 0:00:00]} Kc3 {[%emt 0:00:00]} 65. Rd5 {[%emt 0:00:00]} Ra5 {[%emt 0:00:01]} 66. Bd7 {[%emt 0:00:00]} Ra2 {[%emt 0:00:00]} 67. c6 {[%emt 0:00:00]} Rf2 {[%emt 0:00:00]} 68. c7 {[%emt 0:00:00]} Rf6+ {[%emt 0:00:00]} 69. Be6 {[%emt 0:00:01]} Rf3 {[%emt 0:00:00] Time (Lag: Av=0.62s, max=1.1s)} 0-1